000 00206 a2200097 4500
001 20109
100 _aKhan S A
245 _aEssays on the life of Muhammad
260 _a
_bP B S
_c
090 _c14703
_d14703
942 _aNUST-CAE
_cM
_c5229
999 _c255182
_d255182